[Event "K41 Foraars EMT Gruppe B 2011"]
[Site "Valby"]
[Date "2011.03.15"]
[Round "1"]
[White "Abildgaard, Kenneth"]
[Black "Brondum, Eric"]
[Result "0-1"]
[WhiteElo "1935"]
[BlackElo "2033"]
[PlyCount "52"]
[EventDate "2011.??.??"]

1. e4 g6 2. Nf3 Bg7 3. Bc4 d6 4. Nc3 e6 5. d4 Ne7 6. Bb3 Nd7 7. O-O h6 8. Bf4
a6 9. Qd2 b6 10. e5 d5 11. Ne2 Nf5 12. Ng3 Bb7 13. Nxf5 exf5 14. Rae1 Nf8 15.
h4 Ne6 16. Bh2 Qe7 17. c4 dxc4 18. Bxc4 Bxf3 19. gxf3 Qxh4 20. Bd5 O-O-O 21.
Bxe6+ fxe6 22. f4 Qg4+ 23. Bg3 h5 24. Kh1 h4 25. Bh2 Qf3+ 26. Kg1 h3 0-1

[Event "K41 Foraars EMT Gruppe B 2011"]
[Site "Valby"]
[Date "2011.03.15"]
[Round "1"]
[White "Hansen, Martin Holmegaard"]
[Black "Skou, Niels"]
[Result "0-1"]
[WhiteElo "1958"]
[BlackElo "1927"]
[PlyCount "62"]
[EventDate "2011.??.??"]

1. c4 e6 2. g3 d5 3. Bg2 Nf6 4. d4 c6 5. Qc2 Nbd7 6. Nd2 Bd6 7. e4 dxe4 8. Nxe4
Nxe4 9. Bxe4 Nf6 10. Bg2 e5 11. dxe5 Qa5+ 12. Bd2 Qxe5+ 13. Kf1 Bf5 14. Qc3
O-O-O 15. Nf3 Qxc3 16. Bxc3 Bd3+ 17. Kg1 Bxc4 18. b3 Bd5 19. Ng5 Bc5 20. Bxd5
Rxd5 21. Bxf6 gxf6 22. Nh3 Rd2 23. Kg2 Re8 24. Rhc1 Bd4 25. Rd1 Ree2 26. Rab1
c5 27. a4 Kc7 28. Rbc1 Kb6 29. Kf3 Ka5 30. Re1 Rxe1 31. Rxe1 Rd3+ 0-1

[Event "K41 Foraars EMT Gruppe B 2011"]
[Site "Valby"]
[Date "2011.03.15"]
[Round "1"]
[White "Hollesen, Kurt"]
[Black "Moller, Arne Vagn"]
[Result "1-0"]
[WhiteElo "1933"]
[BlackElo "1979"]
[PlyCount "75"]
[EventDate "2011.??.??"]

1. e4 c5 2. Nc3 d6 3. f4 e6 4. Nf3 Nc6 5. d4 cxd4 6. Nxd4 Nf6 7. Be3 a6 8. Qf3
Qc7 9. h3 Be7 10. O-O-O b5 11. e5 Bb7 12. exf6 Bxf6 13. Qf2 O-O 14. Ne4 Bxd4
15. Bxd4 Nxd4 16. Qxd4 e5 17. Qc3 Qxc3 18. Nxc3 exf4 19. Nd5 g5 20. Be2 Kg7 21.
Bf3 Rac8 22. Rd2 Rc5 23. Rhd1 a5 24. Re1 Bc8 25. Nc3 Rd8 26. Red1 Bf5 27. Ne4
Bxe4 28. Bxe4 f5 29. Bf3 Rdc8 30. Re2 R8c7 31. Rxd6 b4 32. Red2 a4 33. Rd7+ Kf6
34. Rxc7 Rxc7 35. Rd6+ Ke5 36. Rd5+ Ke6 37. Rb5 b3 38. axb3 1-0

[Event "K41 Foraars EMT Gruppe B 2011"]
[Site "Valby"]
[Date "2011.03.15"]
[Round "1"]
[White "Skjoldager, Mikael"]
[Black "Christensen, Esben"]
[Result "1-0"]
[WhiteElo "1938"]
[BlackElo "2020"]
[PlyCount "75"]
[EventDate "2011.??.??"]

1. e4 c5 2. Nf3 e6 3. d4 cxd4 4. Nxd4 Nf6 5. Nc3 d6 6. Be3 a6 7. f3 Qc7 8. Qd2
b5 9. O-O-O Bb7 10. g4 Nc6 11. Kb1 Rc8 12. g5 Nd7 13. Nxc6 Qxc6 14. a3 Ne5 15.
f4 Nc4 16. Bxc4 Qxc4 17. Rhe1 Bxe4 18. Nxe4 Qxe4 19. Bf2 Qc6 20. f5 e5 21. f6
gxf6 22. gxf6 Rg8 23. Bg3 Rg6 24. Bxe5 Rg2 25. Bxd6+ Kd7 26. Bxf8+ Rxd2 27.
Re7+ Kd6 28. Rxd2+ Kc5 29. Rxf7+ Rxf8 30. Rxf8 a5 31. Rdd8 Qh1+ 32. Ka2 Qf1 33.
Rc8+ Kb6 34. f7 a4 35. Rb8+ Ka6 36. Ra8+ Kb6 37. Rfb8+ Kc6 38. Rc8+ 1-0

[Event "K41 Foraars EMT Gruppe B 2011"]
[Site "Valby"]
[Date "2011.03.22"]
[Round "2"]
[White "Brondum, Eric"]
[Black "Hansen, Martin Holmegaard"]
[Result "1-0"]
[WhiteElo "2033"]
[BlackElo "1958"]
[PlyCount "67"]
[EventDate "2011.??.??"]

1. e4 e6 2. d4 d5 3. e5 Qd7 4. c3 b6 5. a4 a5 6. Bb5 c6 7. Bd3 Ba6 8. Nf3 Ne7
9. O-O Bxd3 10. Qxd3 Nf5 11. g4 Ne7 12. Na3 h5 13. h3 Na6 14. Bf4 Ng6 15. Bg3
Be7 16. Nd2 h4 17. Bh2 Nf8 18. Bf4 Nc7 19. Be3 Nh7 20. f4 O-O-O 21. Nc2 g5 22.
f5 f6 23. fxe6 Nxe6 24. b4 axb4 25. cxb4 fxe5 26. Rf7 e4 27. Qa6+ Kc7 28. Qa7+
Kd6 29. Qxb6 Rb8 30. Qa6 Ra8 31. Qe2 Raf8 32. Qh2+ Nf4 33. Bxf4+ gxf4 34. Qxf4+
1-0

[Event "K41 Foraars EMT Gruppe B 2011"]
[Site "Valby"]
[Date "2011.03.22"]
[Round "2"]
[White "Hollesen, Kurt"]
[Black "Abildgaard, Kenneth"]
[Result "1-0"]
[WhiteElo "1933"]
[BlackElo "1935"]
[PlyCount "69"]
[EventDate "2011.??.??"]

1. c4 c6 2. e4 d5 3. exd5 cxd5 4. d4 dxc4 5. Bxc4 Nf6 6. Nf3 e6 7. Nc3 Bd7 8.
O-O Bc6 9. Ne5 Be7 10. Nxc6 Nxc6 11. d5 exd5 12. Nxd5 Nxd5 13. Bxd5 O-O 14.
Bxc6 bxc6 15. Qc2 Qc7 16. Be3 a5 17. Rac1 Bf6 18. b3 a4 19. Qxc6 Qxc6 20. Rxc6
axb3 21. axb3 Rfb8 22. Rb1 h6 23. b4 Rb5 24. Rb6 Rd5 25. Kf1 Ra2 26. Rb8+ Kh7
27. Rb7 Kg6 28. b5 Bg5 29. Ra7 Rc2 30. f4 Rd3 31. Re1 Bd8 32. Re2 Rxe2 33. Ra6+
Kf5 34. Kxe2 Ke4 35. Ra4+ 1-0

[Event "K41 Foraars EMT Gruppe B 2011"]
[Site "Valby"]
[Date "2011.03.22"]
[Round "2"]
[White "Moller, Arne Vagn"]
[Black "Christensen, Esben"]
[Result "0-1"]
[WhiteElo "1979"]
[BlackElo "2020"]
[PlyCount "106"]
[EventDate "2011.??.??"]

1. e4 c5 2. Nf3 e6 3. d4 cxd4 4. Nxd4 Nf6 5. Nc3 d6 6. Be2 a6 7. a4 b6 8. Be3
Bb7 9. f3 Nbd7 10. O-O d5 11. exd5 Nxd5 12. Nxd5 Bxd5 13. c4 Bb7 14. Nb3 Qc7
15. Rc1 Nc5 16. Nxc5 Bxc5 17. Bxc5 Qxc5+ 18. Kh1 O-O 19. Qc2 Rac8 20. Bd3 h6
21. b3 Rfd8 22. Bh7+ Kh8 23. Be4 Bxe4 24. Qxe4 Rd4 25. Qb7 Rc7 26. Qa8+ Kh7 27.
Qxa6 Rd2 28. Qb5 Qd4 29. Rce1 Rd7 30. Qe5 Rb2 31. Qxd4 Rxd4 32. Re3 Rdd2 33.
Rg1 Rdc2 34. h4 Kg6 35. Kh2 Kf5 36. Kg3 h5 37. Rd3 f6 38. Re3 e5 39. Kh3 Rf2
40. Rc3 Kf4 41. Rd3 Rfe2 42. Rc3 Re3 43. Rgc1 Rxb3 44. Rxe3 Kxe3 45. c5 Kd2 46.
Rc4 bxc5 47. Rxc5 e4 48. Rb5 Ra3 49. Rb2+ Kc1 50. Rb4 e3 51. Kg3 Kd2 52. Re4
Ke1 53. f4 Kf1 0-1

[Event "K41 Foraars EMT Gruppe B 2011"]
[Site "Valby"]
[Date "2011.03.29"]
[Round "3"]
[White "Abildgaard, Kenneth"]
[Black "Moller, Arne Vagn"]
[Result "0-1"]
[WhiteElo "1935"]
[BlackElo "1979"]
[PlyCount "116"]
[EventDate "2011.??.??"]

1. e4 c5 2. c3 e5 3. d4 cxd4 4. cxd4 exd4 5. Qxd4 Nc6 6. Qa4 Bc5 7. Nh3 Qb6 8.
Nc3 Nf6 9. Bg5 Qxb2 10. Rc1 Bd4 11. Nb5 O-O 12. Rxc6 dxc6 13. Nxd4 Nxe4 14. Be3
Nc3 15. Qc2 Qb4 16. Bd2 Re8+ 17. Be2 Nxe2 18. Nxe2 Qg4 19. Nhf4 Bf5 20. Qc3
Rad8 21. h3 Qh4 22. Be3 g5 23. g3 Qh6 24. Rg1 Qd6 25. f3 Qe5 26. Qxe5 Rxe5 27.
Bxa7 c5 28. g4 Bc2 29. Nh5 Ra8 30. Nf6+ Kg7 31. Nd7 Re7 32. Nb6 Rxa7 33. Nc8 b5
34. Nxe7 Rxe7 35. Kd2 Bg6 36. Rc1 Rd7+ 37. Ke3 Rd3+ 38. Kf2 c4 39. a4 bxa4 40.
Rxc4 a3 41. Ra4 Rb3 42. Ra5 h6 43. Nd4 Rb2+ 44. Kg3 a2 45. Nf5+ Bxf5 46. gxf5
Kf6 47. Kg4 Rg2+ 48. Kh5 Rg3 49. Ra6+ Kxf5 50. Kxh6 Rxh3+ 51. Kg7 Rxf3 52. Rxa2
f6 53. Ra6 Kg4 54. Kg6 Kh3 55. Ra8 g4 56. Rh8+ Kg2 57. Rh4 g3 58. Kh5 Kf2 0-1

[Event "K41 Foraars EMT Gruppe B 2011"]
[Site "Valby"]
[Date "2011.03.29"]
[Round "3"]
[White "Christensen, Esben"]
[Black "Skou, Niels"]
[Result "1-0"]
[WhiteElo "2020"]
[BlackElo "1927"]
[PlyCount "65"]
[EventDate "2011.??.??"]

1. e4 c5 2. Nf3 d6 3. d4 cxd4 4. Nxd4 Nf6 5. Nc3 a6 6. a4 e5 7. Nf3 Be7 8. Bg5
Be6 9. Bxf6 Bxf6 10. Nd5 Bxd5 11. Qxd5 Qc7 12. c3 O-O 13. Rd1 Be7 14. Bd3 Nd7
15. O-O Nc5 16. Bc2 Rac8 17. Nd2 Ne6 18. g3 Qc6 19. Qxc6 Rxc6 20. Bb3 Nc5 21.
Bd5 Rc7 22. a5 Rb8 23. f4 exf4 24. Rxf4 Ne6 25. Rf2 Bg5 26. Nc4 Rd8 27. Kg2
Rcd7 28. Rdf1 Bf6 29. Ne3 Re8 30. Ng4 Bd8 31. b4 Ree7 32. Rxf7 Rxf7 33. Bxe6
1-0

[Event "K41 Foraars EMT Gruppe B 2011"]
[Site "Valby"]
[Date "2011.03.29"]
[Round "3"]
[White "Hansen, Martin Holmegaard"]
[Black "Hollesen, Kurt"]
[Result "1/2-1/2"]
[WhiteElo "1958"]
[BlackElo "1933"]
[PlyCount "92"]
[EventDate "2011.??.??"]

1. b4 e5 2. Bb2 d6 3. e4 Nf6 4. Nc3 Nc6 5. b5 Nd4 6. h3 g6 7. Nf3 Bg7 8. Bc4
Be6 9. Bxe6 Nxe6 10. d3 O-O 11. O-O Nf4 12. Ne2 N6h5 13. d4 Qe7 14. d5 Qd7 15.
Nxf4 Nxf4 16. a4 f5 17. Nd2 fxe4 18. Nxe4 Qf7 19. c4 Qf5 20. Re1 h6 21. Ra3 Rf7
22. a5 Qd7 23. Kh2 Raf8 24. Qg4 Rf5 25. Rb3 b6 26. axb6 axb6 27. Ra3 Kh7 28.
Bc1 Nh5 29. Be3 Nf6 30. Nxf6+ R8xf6 31. Ra7 h5 32. Qe4 Qc8 33. Rea1 Rf8 34.
R1a6 R5f7 35. Qc2 Bh6 36. Qa4 Bxe3 37. fxe3 Qf5 38. Ra8 e4 39. Rxf8 Rxf8 40.
Ra7 Qe5+ 41. Kg1 Rf7 42. Qa1 Qg3 43. Qc3 Qf2+ 44. Kh2 h4 45. Ra8 Qg3+ 46. Kg1
Qf2+ 1/2-1/2

[Event "K41 Foraars EMT Gruppe B 2011"]
[Site "Valby"]
[Date "2011.03.29"]
[Round "3"]
[White "Skjoldager, Mikael"]
[Black "Brondum, Eric"]
[Result "0-1"]
[WhiteElo "1938"]
[BlackElo "2033"]
[PlyCount "67"]
[EventDate "2011.??.??"]

1. e4 g6 2. d4 Bg7 3. Nc3 d6 4. f4 e6 5. Nf3 Ne7 6. Be3 a6 7. Qd2 Nd7 8. O-O-O
b5 9. a3 Bb7 10. Be2 Rc8 11. g4 c5 12. f5 exf5 13. exf5 b4 14. Nb1 Bxf3 15.
Bxf3 cxd4 16. Bxd4 Ne5 17. Be4 N7c6 18. Bxc6+ Rxc6 19. Rhe1 Qc7 20. axb4 O-O
21. Nc3 Nf3 22. Qe3 Nxd4 23. Rxd4 Bxd4 24. Qxd4 Rc4 25. Qd2 Qd8 26. Nd5 Qh4 27.
Qe2 Kh8 28. f6 Qg5+ 29. Ne3 Re4 30. Qf3 Rfe8 31. h4 Qe5 32. Kd2 Qd4+ 33. Kc1
Rxe3 34. Rxe3 0-1

[Event "K41 Foraars EMT Gruppe B 2011"]
[Site "Valby"]
[Date "2011.04.05"]
[Round "4"]
[White "Abildgaard, Kenneth"]
[Black "Hansen, Martin Holmegaard"]
[Result "1-0"]
[WhiteElo "1935"]
[BlackElo "1958"]
[PlyCount "117"]
[EventDate "2011.??.??"]

1. Nf3 e6 2. g3 c5 3. Bg2 Nc6 4. c4 g6 5. Nc3 Bg7 6. b3 Nge7 7. Bb2 O-O 8. Qc1
b6 9. Ne4 f6 10. Nd6 Qc7 11. Nxc8 Raxc8 12. O-O d5 13. e3 Qd6 14. Rd1 Rfd8 15.
cxd5 Nb4 16. dxe6 Nd3 17. Qb1 Qxe6 18. Bf1 Nxb2 19. Qxb2 Qe4 20. Bg2 Qd3 21.
Rac1 Nc6 22. Qc3 Nb4 23. a3 f5 24. Qxd3 Nxd3 25. Rc2 Ne5 26. Ng5 Bf6 27. f4 Nd3
28. Nf3 Kg7 29. Bf1 Rc7 30. b4 Rcd7 31. bxc5 bxc5 32. Rb1 a5 33. Rb5 Ra7 34.
Rc4 h6 35. Ra4 g5 36. Raxa5 Rxa5 37. Rxa5 g4 38. Bxd3 Rxd3 39. Ne1 Rxd2 40.
Rxc5 Ra2 41. Rxf5 Rxa3 42. Nc2 Rb3 43. Rc5 Bd8 44. Nd4 Rb1+ 45. Kf2 Bb6 46. Rb5
Rxb5 47. Nxb5 Kf7 48. Ke2 h5 49. Kd3 Kf6 50. e4 Bg1 51. e5+ Ke6 52. Nd4+ Kf7
53. e6+ Kf6 54. f5 Bxh2 55. Ne2 h4 56. gxh4 Bd6 57. Ke4 g3 58. h5 Kg7 59. Kf3
1-0

[Event "K41 Foraars EMT Gruppe B 2011"]
[Site "Valby"]
[Date "2011.04.05"]
[Round "4"]
[White "Brondum, Eric"]
[Black "Christensen, Esben"]
[Result "0-1"]
[WhiteElo "2033"]
[BlackElo "2020"]
[PlyCount "128"]
[EventDate "2011.??.??"]

1. d4 Nf6 2. Bg5 Ne4 3. Bf4 d5 4. f3 Nf6 5. e4 dxe4 6. Nc3 Bf5 7. fxe4 Nxe4 8.
Qf3 Nxc3 9. bxc3 Qc8 10. Bc4 e6 11. Ne2 Bd6 12. O-O Nd7 13. Ng3 Bg6 14. Ne4
Bxf4 15. Qxf4 O-O 16. Bd3 c5 17. Rab1 b6 18. Rbe1 Qc6 19. Nd6 Bxd3 20. cxd3 Nf6
21. Nc4 Nd5 22. Qf3 cxd4 23. cxd4 Ne7 24. Re4 Qd5 25. Qf2 Rad8 26. Rf4 f6 27.
Re4 Nf5 28. Ne3 Nxe3 29. Qxe3 Rd6 30. Rf2 Rc8 31. h3 Rc3 32. Re2 Kf7 33. Kh2
Rdc6 34. Qf3 Ra3 35. Rxe6 Qxf3 36. Re7+ Kg6 37. gxf3 Rcc3 38. Rg2+ Kf5 39.
Rexg7 Rxd3 40. Rxh7 Rxd4 41. Rh5+ Ke6 42. Re2+ Kf7 43. Kg3 Rda4 44. h4 Rxa2 45.
Re3 R2a3 46. Re2 Ra5 47. Rh8 Rf5 48. Rf2 Kg7 49. Rb8 Rb5 50. Kg4 Rc5 51. Rg2 b5
52. f4 a5 53. h5 Ra1 54. Kh4+ Kf7 55. Rb7+ Ke6 56. Kg4 Rh1 57. Rb6+ Ke7 58.
Re2+ Kd7 59. Rxf6 Rcxh5 60. Rf7+ Kd6 61. Rf6+ Kc5 62. Rf8 a4 63. Rc8+ Kb4 64.
Rb8 R1h4+ 0-1

[Event "K41 Foraars EMT Gruppe B 2011"]
[Site "Valby"]
[Date "2011.04.05"]
[Round "4"]
[White "Hollesen, Kurt"]
[Black "Skjoldager, Mikael"]
[Result "1-0"]
[WhiteElo "1933"]
[BlackElo "1938"]
[PlyCount "71"]
[EventDate "2011.??.??"]

1. c4 Nf6 2. Nc3 e5 3. e4 Nc6 4. g3 Bc5 5. Bg2 d6 6. h3 O-O 7. Nge2 Be6 8. d3
h6 9. O-O a6 10. Kh2 Nd4 11. f4 c6 12. Nxd4 Bxd4 13. Qf3 b5 14. Ne2 bxc4 15. f5
Bd7 16. Nxd4 exd4 17. dxc4 c5 18. g4 Bc6 19. Re1 Nd7 20. Qg3 Ne5 21. b3 f6 22.
h4 a5 23. g5 hxg5 24. hxg5 Kf7 25. Bf4 Qb6 26. a4 Qb7 27. Kg1 Rab8 28. Rab1 Qa8
29. Kf2 Rb6 30. Rh1 Bxe4 31. gxf6 gxf6 32. Bxe5 Bxg2 33. Rh7+ Ke8 34. Bxd6 Rxd6
35. Re1+ Be4 36. Qxd6 1-0

[Event "K41 Foraars EMT Gruppe B 2011"]
[Site "Valby"]
[Date "2011.04.12"]
[Round "4"]
[White "Moller, Arne Vagn"]
[Black "Skou, Niels"]
[Result "0-1"]
[WhiteElo "1979"]
[BlackElo "1927"]
[PlyCount "54"]
[EventDate "2011.??.??"]

1. e4 c5 2. b3 Nf6 3. d3 d5 4. exd5 Nxd5 5. Bb2 Nc6 6. Nf3 Bg4 7. Be2 Qc7 8. h3
Bh5 9. Ne5 Nxe5 10. Bxh5 O-O-O 11. Qe2 Ng6 12. Bg4+ e6 13. O-O Bd6 14. c4 Ndf4
15. Qe4 f5 16. Bxf5 exf5 17. Qxf5+ Qd7 18. Qxd7+ Rxd7 19. d4 cxd4 20. Rd1 Rf8
21. Na3 Nh5 22. Nb5 Bb8 23. c5 Nhf4 24. Rac1 Nh4 25. Nd6+ Bxd6 26. cxd6+ Kd8
27. Kh2 Ne2 0-1

[Event "K41 Foraars EMT Gruppe B 2011"]
[Site "Valby"]
[Date "2011.04.26"]
[Round "5"]
[White "Christensen, Esben"]
[Black "Hollesen, Kurt"]
[Result "1-0"]
[WhiteElo "2020"]
[BlackElo "1933"]
[PlyCount "93"]
[EventDate "2011.??.??"]

1. e4 c5 2. Nf3 d6 3. d4 cxd4 4. Nxd4 Nf6 5. Nc3 a6 6. Bg5 Qa5 7. Qd2 Nbd7 8.
Be2 h6 9. Be3 Ne5 10. f3 b5 11. Nb3 Qc7 12. O-O-O g6 13. g4 Nc4 14. Bxc4 bxc4
15. Na1 Bg7 16. Bd4 Rb8 17. Nd5 Nxd5 18. Bxg7 Rg8 19. Qxh6 Nb4 20. a3 c3 21.
axb4 cxb2+ 22. Bxb2 Rxb4 23. Rd4 Rb5 24. Qd2 Be6 25. Rb4 Rc5 26. Nb3 Bxb3 27.
Rxb3 Kd7 28. Rc3 Rc8 29. Rxc5 Qxc5 30. Rd1 Re8 31. Kb1 a5 32. Qd3 a4 33. Rd2
Rb8 34. Ka2 Qb6 35. Qd4 Qb7 36. Rd3 Rc8 37. Qxa4+ Kd8 38. Rb3 Qc7 39. Rc3 Qb7
40. Rxc8+ Qxc8 41. h4 f6 42. g5 f5 43. Kb1 fxe4 44. Qxe4 Qh3 45. c4 Qf1+ 46.
Ka2 Qd1 47. Qa8+ 1-0

[Event "K41 Foraars EMT Gruppe B 2011"]
[Site "Valby"]
[Date "2011.04.26"]
[Round "5"]
[White "Hansen, Martin Holmegaard"]
[Black "Moller, Arne Vagn"]
[Result "0-1"]
[WhiteElo "1958"]
[BlackElo "1979"]
[PlyCount "68"]
[EventDate "2011.??.??"]

1. e3 e5 2. b3 Nf6 3. Bb2 Nc6 4. Nf3 d6 5. d4 e4 6. Nfd2 Bg4 7. Be2 Bxe2 8.
Qxe2 d5 9. Ba3 Bxa3 10. Nxa3 Qe7 11. Nab1 Nb4 12. Na3 O-O 13. O-O a5 14. c4 a4
15. c5 axb3 16. axb3 c6 17. Ndb1 Ra6 18. Nc3 Rfa8 19. Nc2 Nxc2 20. Rxa6 Rxa6
21. Qxc2 Qd8 22. Na4 Nd7 23. f3 Qg5 24. Qf2 exf3 25. Qxf3 Qg6 26. Qf4 Ra8 27.
Qc7 Qe6 28. Qxb7 Rb8 29. Qa7 Rxb3 30. Nb6 Nf8 31. Qc7 Rxe3 32. Qc8 Re1 33. Qxe6
Rxf1+ 34. Kxf1 Nxe6 0-1

[Event "K41 Foraars EMT Gruppe B 2011"]
[Site "Valby"]
[Date "2011.04.26"]
[Round "5"]
[White "Skjoldager, Mikael"]
[Black "Abildgaard, Kenneth"]
[Result "1-0"]
[WhiteElo "1938"]
[BlackElo "1935"]
[PlyCount "57"]
[EventDate "2011.??.??"]

1. e4 g6 2. d4 Bg7 3. Nc3 d6 4. Nf3 e6 5. Be3 Nd7 6. Qd2 c5 7. Nb5 Qb6 8. a4
cxd4 9. Nfxd4 Nc5 10. Nb3 Ke7 11. Nxc5 dxc5 12. Rd1 Nf6 13. f3 Bd7 14. b4 Rhc8
15. a5 Qa6 16. Nd6 c4 17. Nxc8+ Rxc8 18. Bc5+ Ke8 19. Qd4 Bb5 20. Qe3 Nd7 21.
Bxa7 e5 22. Be2 Bf8 23. c3 Ra8 24. Bb6 Rc8 25. O-O Nxb6 26. axb6 Rc6 27. Ra1
Qxb6 28. Ra8+ Kd7 29. Qxb6 1-0

[Event "K41 Foraars EMT Gruppe B 2011"]
[Site "Valby"]
[Date "2011.04.26"]
[Round "5"]
[White "Skou, Niels"]
[Black "Brondum, Eric"]
[Result "1/2-1/2"]
[WhiteElo "1927"]
[BlackElo "2033"]
[PlyCount "53"]
[EventDate "2011.??.??"]

1. d4 g6 2. c4 Bg7 3. Nc3 d6 4. Nf3 Nf6 5. e4 O-O 6. Be2 e5 7. O-O Nc6 8. Bg5
h6 9. Bh4 exd4 10. Nxd4 Nxd4 11. Qxd4 g5 12. Bg3 Nh5 13. Qd3 Nxg3 14. hxg3 f5
15. Rad1 fxe4 16. Qxe4 Re8 17. Qd3 Be6 18. Bh5 Rf8 19. b3 Bf5 20. Qe3 c6 21. g4
Bh7 22. Qe6+ Kh8 23. Rxd6 Qf6 24. Nd1 Rad8 25. Qxf6 Bxf6 26. Rxd8 Rxd8 27. Re1
1/2-1/2

[Event "K41 Foraars EMT Gruppe B 2011"]
[Site "Valby"]
[Date "2011.05.03"]
[Round "6"]
[White "Abildgaard, Kenneth"]
[Black "Christensen, Esben"]
[Result "1-0"]
[WhiteElo "1935"]
[BlackElo "2020"]
[PlyCount "101"]
[EventDate "2011.??.??"]

1. d4 Nf6 2. Nc3 d5 3. f4 e6 4. Nf3 c5 5. g3 Nc6 6. Bg2 cxd4 7. Nxd4 Bc5 8. Be3
Qb6 9. Ncb5 a6 10. Nxe6 fxe6 11. Bxc5 Qxb5 12. Ba3 Kf7 13. O-O Qb6+ 14. Kh1 Ng4
15. e4 Nf2+ 16. Rxf2 Qxf2 17. exd5 Nd8 18. Qh5+ g6 19. Qh4 Kg7 20. Be7 Nf7 21.
Qf6+ Kg8 22. dxe6 Bxe6 23. Qxe6 Qxc2 24. Bd5 Qf5 25. Qxf5 gxf5 26. Bf6 Kf8 27.
Bxh8 Nxh8 28. Bxb7 Ra7 29. Bc8 Rf7 30. Bxa6 Ng6 31. Rd1 Rc7 32. Rd2 Ne7 33. b3
Ng8 34. Rd8+ Kg7 35. Bc4 Nf6 36. a4 Re7 37. a5 Ng4 38. Kg2 Ra7 39. Rg8+ Kf6 40.
Rf8+ Kg6 41. Rg8+ Kf6 42. Rxg4 fxg4 43. a6 Ke7 44. h3 h5 45. hxg4 hxg4 46. Kf2
Kd6 47. Ke3 Kc5 48. f5 Kd6 49. f6 Ke5 50. f7 Ra8 51. b4 1-0

[Event "K41 Foraars EMT Gruppe B 2011"]
[Site "Valby"]
[Date "2011.05.03"]
[Round "6"]
[White "Hansen, Martin Holmegaard"]
[Black "Skjoldager, Mikael"]
[Result "1/2-1/2"]
[WhiteElo "1958"]
[BlackElo "1938"]
[PlyCount "67"]
[EventDate "2011.??.??"]

1. d4 Nf6 2. g4 h6 3. Bg2 d5 4. c4 Bxg4 5. Qb3 Nbd7 6. cxd5 Nb6 7. e4 c6 8. Nc3
cxd5 9. e5 Nfd7 10. Bxd5 Nxd5 11. Qxd5 e6 12. Qxb7 Be7 13. Qg2 Bf5 14. Qxg7 Rh7
15. Qg2 Nb6 16. Nge2 Rc8 17. b3 Bb4 18. Qg8+ Bf8 19. Ba3 Nd7 20. Bxf8 Nxf8 21.
O-O-O Bg6 22. h4 Qe7 23. Kb2 f6 24. exf6 Qxf6 25. h5 Rh8 26. Qxh8 Qxh8 27. hxg6
Nxg6 28. Ne4 Ke7 29. Rc1 Rxc1 30. Rxc1 Kd7 31. Nc5+ Kd6 32. Ne4+ Kd7 33. Nc5+
Kd6 34. Ne4+ 1/2-1/2

[Event "K41 Foraars EMT Gruppe B 2011"]
[Site "Valby"]
[Date "2011.05.03"]
[Round "6"]
[White "Hollesen, Kurt"]
[Black "Skou, Niels"]
[Result "0-1"]
[WhiteElo "1933"]
[BlackElo "1927"]
[PlyCount "66"]
[EventDate "2011.??.??"]

1. e4 c5 2. c4 d6 3. Nc3 g6 4. g3 Bg7 5. Bg2 Nc6 6. Nge2 e6 7. O-O Nge7 8. f4
Nd4 9. d3 O-O 10. Be3 Rb8 11. g4 f5 12. g5 b5 13. cxb5 Nxb5 14. Rb1 Qa5 15.
Nxb5 Rxb5 16. Nc3 Rb8 17. Qc2 Nc6 18. a3 Ba6 19. Rfd1 Nd4 20. Qf2 Rb3 21. Rd2
Rfb8 22. Re1 Qb6 23. Na4 Qc7 24. Rc1 Qf7 25. e5 Bb5 26. Nxc5 dxc5 27. Rxc5 Bf8
28. Rc1 Bxd3 29. Bxd4 a5 30. Rc3 Ba6 31. Rxb3 Rxb3 32. Bc5 Qc7 33. Rc2 Rxb2 0-1

[Event "K41 Foraars EMT Gruppe B 2011"]
[Site "Valby"]
[Date "2011.05.03"]
[Round "6"]
[White "Moller, Arne Vagn"]
[Black "Brondum, Eric"]
[Result "0-1"]
[WhiteElo "1979"]
[BlackElo "2033"]
[PlyCount "64"]
[EventDate "2011.??.??"]

1. e4 g6 2. d4 Bg7 3. c4 d6 4. Nc3 Nf6 5. f3 O-O 6. Be3 Nc6 7. Nge2 a6 8. Ng3
e5 9. d5 Nd4 10. Bd3 c5 11. Qd2 Rb8 12. O-O Bd7 13. h3 b5 14. Kh2 Kh8 15. Bg5
Qa5 16. f4 Ng8 17. f5 f6 18. Be3 Ne7 19. Bh6 g5 20. Bxg7+ Kxg7 21. Nh5+ Kh8 22.
h4 Be8 23. Nxf6 Rxf6 24. hxg5 Rf8 25. g4 bxc4 26. Bxc4 Ng6 27. Kg3 Nf4 28. Rh1
Rb4 29. Rxh7+ Kxh7 30. Rh1+ Kg8 31. g6 Rxb2 32. Qxb2 Qxc3+ 0-1

[Event "K41 Foraars EMT Gruppe B 2011"]
[Site "Valby"]
[Date "2011.05.10"]
[Round "7"]
[White "Brondum, Eric"]
[Black "Hollesen, Kurt"]
[Result "0-1"]
[WhiteElo "2033"]
[BlackElo "1933"]
[PlyCount "90"]
[EventDate "2011.??.??"]

1. Nf3 f5 2. d3 Nf6 3. e4 fxe4 4. dxe4 Nxe4 5. Bd3 Nf6 6. Ng5 d6 7. Bxh7 Nxh7
8. Qh5+ Kd7 9. Nf7 Qe8 10. Qg4+ Kc6 11. Qf3+ Kb6 12. Nxh8 Nf6 13. Qb3+ Ka6 14.
Nc3 b6 15. a4 Kb7 16. Be3 e6 17. a5 Qh5 18. Qb5 c5 19. axb6 a6 20. Qe2 Qxh8 21.
O-O Qh5 22. f3 d5 23. Bf4 Nc6 24. Nb5 Nd4 25. Nxd4 cxd4 26. g4 Qe8 27. Bc7 Bc5
28. Kh1 Bxb6 29. Bxb6 Kxb6 30. Qe5 Qc6 31. Qxd4+ Qc5 32. Qe5 Bd7 33. b4 Qc7 34.
Qd4+ Kb7 35. g5 Nh5 36. Ra3 Bb5 37. Re1 Qf4 38. Qc5 Re8 39. Rxa6 Qxf3+ 40. Kg1
Bxa6 41. b5 Qg4+ 42. Kh1 Ng3+ 43. hxg3 Qh3+ 44. Kg1 Qxg3+ 45. Kf1 Rf8+ 0-1

[Event "K41 Foraars EMT Gruppe B 2011"]
[Site "Valby"]
[Date "2011.05.10"]
[Round "7"]
[White "Christensen, Esben"]
[Black "Hansen, Martin Holmegaard"]
[Result "1/2-1/2"]
[WhiteElo "2020"]
[BlackElo "1958"]
[PlyCount "67"]
[EventDate "2011.??.??"]

1. e4 e6 2. Nf3 d5 3. Nc3 Bb4 4. a3 Bxc3 5. dxc3 c6 6. exd5 Qxd5 7. Bd3 Nf6 8.
Qe2 Nbd7 9. Bf4 Nc5 10. Bc4 Qf5 11. Be5 Qe4 12. O-O Qxe2 13. Bxe2 Ncd7 14. Bd6
Ne4 15. Bf4 O-O 16. Rad1 h6 17. Rd4 Nef6 18. Rfd1 Re8 19. Ne5 Nd5 20. Nxd7 Bxd7
21. Bg3 c5 22. R4d2 Bc6 23. c4 Nf6 24. f3 Rac8 25. Bh4 b6 26. Kf2 Nh5 27. Ke1
Nf4 28. Bf1 g5 29. Bf2 e5 30. Be3 e4 31. Bxf4 exf3+ 32. Kf2 fxg2 33. Bxg2 gxf4
34. Bf3 1/2-1/2

[Event "K41 Foraars EMT Gruppe B 2011"]
[Site "Valby"]
[Date "2011.05.10"]
[Round "7"]
[White "Skjoldager, Mikael"]
[Black "Moller, Arne Vagn"]
[Result "0-1"]
[WhiteElo "1938"]
[BlackElo "1979"]
[PlyCount "74"]
[EventDate "2011.??.??"]

1. e4 c5 2. Nf3 d6 3. d4 cxd4 4. Nxd4 Nf6 5. Nc3 a6 6. Be3 e6 7. f3 Be7 8. Qd2
Qc7 9. O-O-O O-O 10. Kb1 b5 11. g4 Rd8 12. h4 b4 13. Nce2 Bd7 14. h5 e5 15. Nf5
Bxf5 16. exf5 d5 17. g5 d4 18. Bf2 Nd5 19. f6 Nc3+ 20. bxc3 bxc3 21. Qc1 Bc5
22. g6 Nc6 23. gxh7+ Kxh7 24. Nxc3 Qb6+ 25. Ka1 dxc3 26. Rxd8 Rxd8 27. Bxc5
Qxc5 28. Bd3+ Rxd3 29. cxd3 gxf6 30. h6 Qd4 31. a3 c2+ 32. Ka2 Qxd3 33. Rg1 Nd4
34. Rg7+ Kh8 35. Rg4 Nb3 36. Qg1 c1=N+ 37. Kb2 Qd2+ 0-1

[Event "K41 Foraars EMT Gruppe B 2011"]
[Site "Valby"]
[Date "2011.05.10"]
[Round "7"]
[White "Skou, Niels"]
[Black "Abildgaard, Kenneth"]
[Result "1/2-1/2"]
[WhiteElo "1927"]
[BlackElo "1935"]
[PlyCount "81"]
[EventDate "2011.??.??"]

1. d4 Nf6 2. Nf3 c5 3. c4 cxd4 4. Nxd4 Nc6 5. Nc3 e5 6. Ndb5 d6 7. Bg5 h6 8.
Bxf6 gxf6 9. Na3 Be6 10. g3 h5 11. Bg2 h4 12. Qa4 Rc8 13. Rd1 Bd7 14. Nd5 Nd4
15. Qb4 b5 16. b3 h3 17. Be4 f5 18. Bd3 Nc6 19. Qd2 Bh6 20. Qb2 b4 21. Nc2 a5
22. a3 Ra8 23. axb4 axb4 24. O-O Rb8 25. e3 Bg7 26. Be2 Rg8 27. Qa2 Kf8 28. Rd2
Ra8 29. Qb1 Qa5 30. Rfd1 Be6 31. Qa1 Qd8 32. Qb1 Qb8 33. Bf3 e4 34. Be2 Be5 35.
Bf1 Rh8 36. Nf4 Bc3 37. Rxd6 Ne5 38. Bxh3 Ke7 39. Bg2 Qxd6 40. Rxd6 Kxd6 41. f3
1/2-1/2